000 00342nam a22001337a 4500
008 181009b xxu||||| |||| 00| 0 eng d
020 _a9780471716990
041 _aeng
080 _24 ED
_a159.9
100 _a49
101 _aPSI
245 _aThe Person A neww Introduction To Personality Psychology
_cDan.P.M
942 _2udc
_cBK
999 _c49219
_d49219